Banderas de Países con Estrellas - Estadísticas

Estadísticas generales
  • Esta prueba ha sido intentada 31 veces
  • La puntuación promedio es 55 de 67
Estadísticas de respuestas
Imagen Respuesta % Correcto
Australia
100%
Brasil
100%
China
100%
Estados Unidos
100%
Chile
96%
Cuba
96%
Israel
96%
Nepal
96%
Panamá
96%
Venezuela
96%
Angola
92%
Bosnia y Herzegovina
92%
Corea del Norte
92%
Croacia
92%
Eslovenia
92%
Honduras
92%
Marruecos
92%
Turquía
92%
Vietnam
92%
Argelia
88%
Kosovo
88%
Malasia
88%
Nueva Zelanda
88%
Pakistán
88%
Somalia
88%
Túnez
88%
Azerbaiyán
83%
Camerún
83%
Etiopía
83%
Uzbekistán
83%
Comoras
79%
Granada
79%
Guinea Ecuatorial
79%
Liberia
79%
Mauritania
79%
Paraguay
79%
República Democrática del Congo
79%
Samoa
79%
Senegal
79%
Singapur
79%
Siria
79%
Tuvalu
79%
Burkina Faso
75%
Burundi
75%
Cabo Verde
75%
Estados Federados de Micronesia
75%
Libia
75%
Mozambique
75%
Nauru
75%
Papúa Nueva Guinea
75%
República Centroafricana
75%
Tayikistan
75%
Turkmenistán
75%
Zimbabue
75%
Ghana
71%
Islas Marshall
71%
Myanmar
71%
Timor Oriental
71%
Islas Salomón
67%
Jordania
67%
San Cristóbal y Nieves
67%
Santo Tomé y Príncipe
67%
Surinam
67%
Togo
67%
Yibuti
67%
Guinea Bissau
63%
Sudán del Sur
63%
No se encontraron pruebas coincidentes
Distribución de puntuación
Porcentaje de gente con cada puntuación
Porcentaje por número respondido
Historial de tus puntuaciones
No has intentado esta prueba.